Day of the blizzard / (Registro nro. 10913)

Detalles MARC
000 -LIDER
fixed length control field 00740nam a22002417a 4500
001 - NÚMERO DE CONTROL
Identificador de número de control 000394
003 - IDENTIFICACDOR DE NÚMERO DE CONTROL
control field DO-SdBNP
005 - DATE AND TIME OF LATEST TRANSACTION
control field 20180119134032.0
007 - CAMPOS FIJOS DE DESCRIPCIÓN FÍSICA
fixed length control field 000394
008 - ELEMENTOS DE LONGITUD FIJA
fixed length control field 160718b 1997 nyu a ||||| |||| 00| 0 spa d
020 ## - ISBN
International Standard Book Number 059030092X
040 ## - FUENTE DE CATALOGACIÓN
Agencia que crea de manera original el registro BPMSU
Idioma de catalogación spa
Agencia que realiza la transcripción BPMSU
100 1# - ASIENTO PRINCIPAL -- NOMBRE PERSONAL
Nombre personal Moskin, Marietta
245 10 - MENCIÓN DE TITULO
Título Day of the blizzard /
Mención de responsabilidad Marietta Moskin ; drawings by Stephen Gammell ; cover by Paul Bachem.
260 ## - PUBLICACIÓN, DISTRIBUCIÓN, ETC. (PIE DE IMPRENTA)
Lugar de publicación, distribución, etc New York :
Nombre del editor, distribuidor, etc. Scholastic,
Fecha de publicación, distribución, etc 1978.
Fecha de impresión 1997
300 ## - DESCRIPCIÓN FÍSICA
Extensión 79 p. :
Otros detalles físicos il. ;
Dimensiones 20 cm.
500 ## - NOTA GENERAL
Nota general Primera edición, Scholastic, marzo de 1997.
700 12 - ASIENTO SECUNDARIO -- NOMBRE PERSONAL
Nombre personal Gammell, Stephen
700 12 - ASIENTO SECUNDARIO -- NOMBRE PERSONAL
Nombre personal Bachem, Paul
942 ## - ADDED ENTRY ELEMENTS (KOHA)
Source of classification or shelving scheme Dewey Decimal Classification
Koha item type Libros
945 ## - INFORMACIÓN DE PROCESAMIENTO LOCAL
Información de procesamiento local Inventariado, 2018/MFF
956 ## - LOCAL ELECTRONIC LOCATION AND ACCESS (OCLC)
Método de acceso LOPEREZ
Materiales especificados 10
Enlace 20160718
Campo enlazado y núm. de secuencia BPMSU
Nombre de host 00041
Existencias
Withdrawn status Lost status Source of classification or shelving scheme Damaged status Not for loan Collection code Home library Current library Date acquired Source of acquisition Total Checkouts Barcode Date last seen Price effective from Koha item type
    Dewey Decimal Classification     Colección General Biblioteca Pública Metropolitana Salomé Ureña Biblioteca Pública Metropolitana Salomé Ureña 07/18/2016 FUNDI   BPMSU16070509 07/18/2016 07/18/2016 Libros